Hat-tricki na Mundialach i Euro (2000-2022) - Statystyki

Ogólne statystyki
  • Ten quiz został rozwiązany 124 razy
  • Średni wynik to 8 z 12
Statystyki odpowiedzi
Turniej Mecz Zawodnik % Poprawnych
WC 2018 Portugalia v Hiszpania 3:3 Cristiano Ronaldo
100%
WC 2022 Argentyna v Francja 3:3 Kylian Mbappe
94%
WC 2018 Anglia v Panama 6:1 Harry Kane
90%
WC 2014 Niemcy v Portugalia 4:0 Thomas Muller
76%
WC 2002 Niemcy v Arabia Saudyjska 8:0 Miroslav Klose
74%
Euro 2008 Hiszpania v Rosja 4:1 David Villa
67%
WC 2022 Portugalia v Szwajcaria 6:1 Goncalo Ramos
60%
WC 2002 Portugalia v Polska 4:0 Pauleta
56%
WC 2014 Honduras v Szwajcaria 0:3 Xherdan Shaqiri
54%
WC 2010 Argentyna v Korea Płd 4:0 Gonzalo Higuain
53%
Euro 2000 Holandia v Jugosławia 6:1 Patrick Kluivert
32%
Euro 2000 Portugalia v Niemcy 3:0 Sergio Conceicao
8%
Nie znaleziono quizów pasujących do podanych kryteriów
Rozkład punktacji
Procent ludzi z każdym wynikiem
Percentyl według liczby udzielonych odpowiedzi
Twoja historia wyników
Nie rozwiązałeś tego quizu